=LDR 00000nam 2200000 4500 =001 INLIS000000000809941 =005 20250908015250 =035 ##$$a 0010-0925000066 =007 ta =008 250908###########################0###### =020 ##$$a 978-979-070-147-2 =082 ##$$a 000 =084 ##$$a 004 KUW m =245 ##$$a Mengenal Perangkat Komputer dan Cara Menginstal Software /$c Kuwat =260 ##$:$b Semarang : Penerbit Aneka Ilmu., 2009